[Event "PMPJ 2022 - C17"]
[Site "Jastrzebia Gora"]
[Date "2022.11.12"]
[Round "9.24"]
[White "Grochowski, Adam"]
[Black "Holynski, Szymon"]
[Result "1-0"]
[BlackElo "1355"]
[WhiteElo "1204"]
[LiveChessVersion "1.4.8"]

1. c4 {[%clk 1:30:59]} Nf6 {[%clk 1:30:51]} 2. g3 {[%clk 1:31:24]} e6
{[%clk 1:29:56]} 3. Bg2 {[%clk 1:31:45]} d5 {[%clk 1:29:53]} 4. cxd5
{[%clk 1:32:01]} exd5 {[%clk 1:30:05]} 5. Nf3 {[%clk 1:32:12]} Be7
{[%clk 1:29:12]} 6. b3 {[%clk 1:32:12]} c5 {[%clk 1:27:40]} 7. O-O
{[%clk 1:32:28]} O-O {[%clk 1:28:00]} 8. Bb2 {[%clk 1:32:42]} Nc6
{[%clk 1:26:31]} 9. d3 {[%clk 1:32:27]} Be6 {[%clk 1:24:28]} 10. Nbd2
{[%clk 1:32:21]} b5 {[%clk 1:21:19]} 11. Rc1 {[%clk 1:28:00]} Qc7
{[%clk 1:19:17]} 12. e4 {[%clk 1:22:00]} d4 {[%clk 1:17:24]} 13. Nxd4
{[%clk 1:14:54]} cxd4 {[%clk 1:17:27]} 14. e5 {[%clk 1:15:09]} Nd5
{[%clk 1:17:50]} 15. f4 {[%clk 1:13:27]} Ne3 {[%clk 1:11:32]} 16. Rxc6
{[%clk 1:07:46]} Qxc6 {[%clk 1:11:30]} 17. Bxc6 {[%clk 1:06:14]} Nxd1
{[%clk 1:11:53]} 18. Rxd1 {[%clk 1:06:30]} Rac8 {[%clk 1:09:55]} 19. Bxb5
{[%clk 1:06:42]} Bg4 {[%clk 1:09:53]} 20. Rc1 {[%clk 1:05:38]} Rxc1+
{[%clk 1:10:07]} 21. Bxc1 {[%clk 1:06:06]} Rc8 {[%clk 1:10:02]} 22. Bc4
{[%clk 1:04:44]} Kf8 {[%clk 1:07:30]} 23. Bb2 {[%clk 1:04:39]} Bc5
{[%clk 1:07:27]} 24. Ne4 {[%clk 1:04:59]} Ke8 {[%clk 0:57:17]} 25. a3
{[%clk 0:51:22]} Bf3 {[%clk 0:54:26]} 26. Ng5 {[%clk 0:49:47]} f6
{[%clk 0:49:38]} 27. Nxf3 {[%clk 0:50:03]} fxe5 {[%clk 0:49:49]} 28. Nxe5
{[%clk 0:50:23]} a5 {[%clk 0:49:59]} 29. Kg2 {[%clk 0:50:32]} Ke7
{[%clk 0:49:50]} 30. Kf3 {[%clk 0:50:45]} Kd6 {[%clk 0:48:58]} 31. a4
{[%clk 0:51:01]} Rf8 {[%clk 0:49:06]} 32. h4 {[%clk 0:50:59]} h6 {[%clk 0:49:03]}
33. Nf7+ {[%clk 0:50:09]} Kc6 {[%clk 0:48:36]} 34. Bc1 {[%clk 0:49:19]} Bb4
{[%clk 0:46:40]} 35. g4 {[%clk 0:48:52]} Be1 {[%clk 0:45:56]} 36. Ne5+
{[%clk 0:48:22]} Kc7 {[%clk 0:45:15]} 37. Ba3 {[%clk 0:43:51]} Re8
{[%clk 0:45:31]} 38. h5 {[%clk 0:44:01]} Bd2 {[%clk 0:45:17]} 39. Bc5
{[%clk 0:43:34]} Be3 {[%clk 0:45:34]} 40. Bb5 {[%clk 0:43:26]} Rd8
{[%clk 0:42:51]} 41. Nc4 {[%clk 0:42:35]} Bd2 {[%clk 0:41:56]} 42. Bb6+
{[%clk 0:42:54]} Kc8 {[%clk 0:42:11]} 43. Bxd8 {[%clk 0:42:54]} Bxf4
{[%clk 0:42:23]} 44. Kxf4 {[%clk 0:42:59]} Kxd8 {[%clk 0:42:50]} 45. Kf5
{[%clk 0:43:15]} Ke7 {[%clk 0:43:08]} 46. Nxa5 {[%clk 0:43:32]} Kd6
{[%clk 0:43:30]} 47. Kg6 {[%clk 0:43:47]} Kc7 {[%clk 0:43:47]} 48. Kxg7
{[%clk 0:44:09]} Kb6 {[%clk 0:44:15]} 49. Nc4+ {[%clk 0:44:17]} Kc5
{[%clk 0:44:41]} 50. Ne5 {[%clk 0:44:23]} Kd6 {[%clk 0:44:57]} 51. Kxh6
{[%clk 0:44:39]} Kxe5 {[%clk 0:45:10]} 52. g5 {[%clk 0:44:48]} Kf5
{[%clk 0:45:32]} 53. g6 {[%clk 0:45:09]} Kf4 {[%clk 0:45:56]} 54. g7
{[%clk 0:45:30]} Ke3 {[%clk 0:46:23]} 55. g8=Q {[%clk 0:45:18]} Kd2
{[%clk 0:46:39]} 56. Qc4 {[%clk 0:45:17]} Ke3 {[%clk 0:47:01]} 57. Kg5
{[%clk 0:45:37]} Kd2 {[%clk 0:47:17]} 58. Kf4 {[%clk 0:45:37]} Ke2
{[%clk 0:47:34]} 59. Qc2+ {[%clk 0:45:53]} 1-0

[Event "PMPJ 2022 - C17"]
[Site "Jastrzebia Gora"]
[Date "2022.11.12"]
[Round "9.25"]
[White "Maciejewski, Adam"]
[Black "Mazurek, Mateusz"]
[Result "1/2-1/2"]
[BlackElo "1189"]
[WhiteElo "1290"]
[LiveChessVersion "1.4.8"]

1. e4 c5 2. a3 d6 3. b4 b6 4. Nf3 Nf6 5. e5 dxe5 6. Nc3 e4 7. Bb5+ Bd7 8. Ng5
Bxb5 9. Nxb5 h6 10. Nxe4 Nxe4 11. Qf3 Nd7 12. Qxe4 Nf6 13. Qe5 Qb8 14. Qxb8+ Rxb8
15. bxc5 bxc5 16. Nxa7 Kd7 17. a4 g5 18. Nb5 Bg7 19. Bb2 Rb6 20. O-O Ra8 21. Ra3
Bf8 22. c4 Ne4 23. Rd1 Kc6 24. d3 Nd6 25. Bc3 Rba6 26. Rda1 e6 27. R3a2 Be7 28.
g4 Bd8 29. Be5 Be7 30. Bc3 Bf8 31. f3 Be7 32. Kf2 f6 33. Bb2 Bd8 34. Ke2 Kd7 35.
Kd2 Ba5+ 36. Kc2 Ke7 37. Kb3 e5 38. Bc3 Nc8 39. h3 Na7 40. Bb2 Nc6 41. Ba3 Bb6
42. Re1 Na5+ 43. Kc3 Nc6 1/2-1/2

[Event "PMPJ 2022 - C17"]
[Site "Jastrzebia Gora"]
[Date "2022.11.12"]
[Round "9.26"]
[White "Bujnowski, Adam"]
[Black "Kreciglowa, Kamil"]
[Result "1-0"]
[BlackElo "1282"]
[WhiteElo "1130"]
[LiveChessVersion "1.4.8"]

1. Nf3 d5 2. c4 d4 3. b4 Nf6 4. Bb2 e5 5. Nxe5 Bxb4 6. Qa4+ Nc6 7. Nxc6 Bxd2+ 8.
Nxd2 bxc6 9. c5 O-O 10. Qxd4 Qe7 11. Qe5 Qd7 12. Ne4 Ne8 13. Rd1 Qe6 14. g3 f5
15. Qxe6+ Bxe6 16. Nc3 Rb8 17. Ba1 Nf6 18. Bg2 Bd7 19. O-O Rfe8 20. e4 fxe4 21.
Nxe4 Nd5 22. Nc3 Nf6 23. Rfe1 Kf8 24. h4 h5 25. Ne2 Bg4 26. f3 Bf5 27. Bxf6 gxf6
28. Nd4 1-0